000 00289 a2200121 4500
999 _c327593
_d327593
001 92520
003 NUST
005 20180120143345.0
008 180120b xxu||||| |||| 00| 0 eng d
082 _a910.4/TAR
100 _a Tarar, Mustansar Hussain
_93135
245 _aNew York Ka So Rang
_hUrdu
260 _aLahore
_bSang e Meel
_c2013
300 _a638p.
942 _aCAE NUST
_cBK
_k910.4/TAR
_2ddc